000 00378nam a2200169Ia 4500
008 230917s9999||||xx |||||||||||||| ||und||
020 _cRS85
040 _e32623
_aMAIN
041 _aEnglish
082 _a910.02 S94B
100 _aSavinder Singh
245 0 _aBhotik bhoogol
250 _a4th ed.
260 _aPhysical geography
_c1981
300 _a479 p.
942 _cBK
999 _c83779
_d83779